Snatak mahal;ar rajnaitik tatva : (Record no. 1278)

MARC details
000 -LEADER
fixed length control field 00487cam a2200169ua 4500
001 - CONTROL NUMBER
control field 1383
005 - DATE AND TIME OF LATEST TRANSACTION
control field 20260515113328.0
008 - FIXED-LENGTH DATA ELEMENTS--GENERAL INFORMATION
fixed length control field 110707n ii |||gr||||Z||||||asm
040 ## - CATALOGING SOURCE
Transcribing agency MAIN
100 1# - MAIN ENTRY--PERSONAL NAME
Personal name Bora, Jogeswar,
Relator term Author.
245 1# - TITLE STATEMENT
Title Snatak mahal;ar rajnaitik tatva :
Remainder of title aru plato aristotel rajnaitik darshan /
Statement of responsibility, etc. by Jogeswar Bora
260 ## - PUBLICATION, DISTRIBUTION, ETC.
Place of publication, distribution, etc. Jorhat:
Name of publisher, distributor, etc. Bidya Bhawan,
Date of publication, distribution, etc. 2008-09.
300 ## - PHYSICAL DESCRIPTION
Extent 411p:
Dimensions 23cm.
653 ## - INDEX TERM--UNCONTROLLED
Uncontrolled term Political science
653 ## - INDEX TERM--UNCONTROLLED
Uncontrolled term Rajnaitik tatva
942 ## - ADDED ENTRY ELEMENTS (KOHA)
Koha item type Books
Holdings
Withdrawn status Lost status Damaged status Not for loan Home library Current library Shelving location Date acquired Total checkouts Full call number Barcode Date last seen Date last checked out Copy number Price effective from Koha item type
        Naharkatiya College Library Naharkatiya College Library General stacks 09/19/2020 2 BOR 18568 12/20/2023 11/28/2023 1 09/19/2020 Books